Študijné programy Fakulty medzinárodných vzťahov Ekonomická univerzita v Bratislave 2006/2007

Uložené v:
Podrobná bibliografia
Korporativný autor: Ekonomická univerzita v Bratislave. Fakulta medzinárodných vzťahov
Ďalší autori: Mattoš, Boris, 1977-, Kordošová, Elena
Médium: Kniha
Jazyk:Slovak
Vydavateľské údaje: Bratislava Vydavateľstvo EKONÓM 2006
Vydanie:1. vyd.
Predmet:
Tagy: Pridať tag
Žiadne tagy, Buďte prvý, kto otaguje tento záznam!

MARC

LEADER 00000nam$a2200000$$$4500
001 0052025
005 20240502071615.4
020 |a 80-225-2209-0 
041 0 |a slo 
044 |a SK 
245 1 0 |a Študijné programy Fakulty medzinárodných vzťahov  |b Ekonomická univerzita v Bratislave 2006/2007  |c zostavili: Boris Mattoš, Elena Kordošová 
250 |a 1. vyd. 
264 1 |a Bratislava  |b Vydavateľstvo EKONÓM  |c 2006 
300 |a 79 s. 
610 2 0 |a programy študijné 
610 2 0 |a univerzity 
610 2 0 |a vzdelávanie vysokoškolské 
700 1 |a Mattoš, Boris, 1977- 
700 1 |a Kordošová, Elena 
710 2 |a Ekonomická univerzita v Bratislave. Fakulta medzinárodných vzťahov